000 00598nam a2200241Ia 4500
003 OSt
005 20221007100358.0
006 a|||||r|||| 00| 0
007 ta
008 221006b |||||||| |||| 00| 0 eng d
024 _a4,325
037 _cTextual
040 _aLCO
_cLCO
_beng
041 _2eng
_aeng
082 _aW6, L9
100 _aJOSHI N C
_9122681
245 0 _aDemocracy and human values
260 _aNew
_bDelhi Sterling pub.
_c1979
300 _a243
650 _aHUMAN VALUES
_9456503
942 _hW6, L9
_cTEXL
999 _c1173888
_d1173888